Catálogo

EL COMERCIO ENTRE LAS ECONOMIAS EN CRECIMIENTO. (Registro nro. 57339)

Detalles MARC
000 -LEADER
fixed length control field 01163nam a2200229 a 4500
001 - CONTROL NUMBER
control field 57339
005 - DATE AND TIME OF LATEST TRANSACTION
control field 20180714053505.0
008 - FIXED-LENGTH DATA ELEMENTS--GENERAL INFORMATION
fixed length control field 140415s1991 mx 000 0 spa d
020 ## - INTERNATIONAL STANDARD BOOK NUMBER
International Standard Book Number 9681634101
041 ## - LANGUAGE CODE
Language code of text/sound track or separate title spa
082 ## - DEWEY DECIMAL CLASSIFICATION NUMBER
Classification number 382.3
Item number STE
100 1# - MAIN ENTRY--PERSONAL NAME
Personal name STEEDMAN, IAN
245 13 - TITLE STATEMENT
Title EL COMERCIO ENTRE LAS ECONOMIAS EN CRECIMIENTO.
250 ## - EDITION STATEMENT
Edition statement 1a ed.
260 ## - PUBLICATION, DISTRIBUTION, ETC.
Place of publication, distribution, etc. MEXICO :
Name of publisher, distributor, etc. FONDO DE CULTURA ECONOMICA,
Date of publication, distribution, etc. 1991.
300 ## - PHYSICAL DESCRIPTION
Dimensions 13.7 x 1.3 x 21.
490 ## - SERIES STATEMENT
Series statement SECCION DE OBRAS DE ECONOMIA
520 ## - SUMMARY, ETC.
Summary, etc. UNA TEORIA DEL COMERCIO INTERNACIONAL QUE SEA UTIL DEBERAE OFRECERLE AL LECTOR UN ENFOQUE GENERAL SUSCEPTIBLE DE APLICACION A PROBLEMAS ESPECIFICOS ASI COMO UN CONJUNTO DE PROPUESTAS TEORICAS. EN EL COMERCIO ENTRE LAS ECONOMIAS EN CRECIMIENTO, CUMPLE CON ESTAS DOS EXIGENCIAS Y A LA VEZ CONTRIBUYE A LA ELABORACION DE UNA NUEVA TEORIA DEL CRECIMIENTO INTERNACIONAL.EL AUTOR EXAMINA LAS CARACTERISTICAS FUNDAMENTALES DE UNA TEORIA SOBRE EL TEMA, PARTICULARMENTE LA COMPOSICION Y EL VOLUMEN D
650 14 - SUBJECT ADDED ENTRY--TOPICAL TERM
Topical term or geographic name entry element POLITICA COMERCIAL
General subdivision MODELOS MATEMATICOS
700 1# - ADDED ENTRY--PERSONAL NAME
Personal name SPITALIER, TRI DE NICOLE
Relator term tr.
740 0# - ADDED ENTRY--UNCONTROLLED RELATED/ANALYTICAL TITLE
Uncontrolled related/analytical title TRADE AMONGST GROWING ECONOMIES
Existencias
Withdrawn status Lost status Source of classification or shelving scheme Damaged status Not for loan Collection code Home library Current library Shelving location Date acquired Source of acquisition Inventory number Total Checkouts Full call number Barcode Date last seen Price effective from Koha item type
    Dewey Decimal Classification     General Biblioteca Karol Wojtyla Biblioteca Karol Wojtyla Sala general 03/12/2013 Compra 151000000000000000044798   382.3 STE 86658 05/01/2026 18/02/2016 Libro